Aus einer Hand slovník najfrekventovanejších výrazov pre študentov Fakulty aplikovaných jazykov

Uložené v:
Podrobná bibliografia
Hlavný autor: Lišková, Danuša
Korporativný autor: Ekonomická univerzita v Bratislave. Fakulta aplikovaných jazykov
Ďalší autori: Széherová, Eva, Štefančík, Radoslav, 1976-, Popelková, Ingrid, 1970-, Sovinec, Tomáš, 1976-, Ondrčka, Peter, Pauleová, Milada, Ondrčková, Eva, Pospíšilová, Jana, 1950-
Médium: Kniha
Jazyk:German
Slovak
Vydavateľské údaje: Bratislava Vydavateľstvo EKONÓM 2014
Vydanie:1. vyd.
Predmet:
Tagy: Pridať tag
Žiadne tagy, Buďte prvý, kto otaguje tento záznam!

MARC

LEADER 00000nam a2200000 4500
001 0185705
005 20240318113202.9
020 |a 978-80-225-3861-9 
041 0 |a ger 
041 0 |a slo 
044 |a SK 
245 1 0 |a Aus einer Hand  |b slovník najfrekventovanejších výrazov pre študentov Fakulty aplikovaných jazykov  |c Danuša Lišková a kol. 
250 |a 1. vyd. 
264 1 |a Bratislava  |b Vydavateľstvo EKONÓM  |c 2014 
300 |a 267 s. [9,35 AH] 
610 2 0 |a jazykoveda 
610 2 0 |a terminológia 
610 2 0 |a jazyky cudzie 
610 2 0 |a nemčina 
610 2 0 |a ekonómia 
610 2 0 |a politológia 
610 2 0 |a právo 
100 1 |a Lišková, Danuša 
700 1 |a Széherová, Eva 
700 1 |a Štefančík, Radoslav, 1976- 
700 1 |a Popelková, Ingrid, 1970- 
700 1 |a Sovinec, Tomáš, 1976- 
700 1 |a Ondrčka, Peter 
700 1 |a Pauleová, Milada 
700 1 |a Ondrčková, Eva 
700 1 |a Pospíšilová, Jana, 1950- 
710 2 |a Ekonomická univerzita v Bratislave. Fakulta aplikovaných jazykov